[Event "Anderssen Festival 2019"]
[Site "Wroclaw"]
[Date "2019.08.05"]
[Round "1.1"]
[White "Wojcik, Grzegorz"]
[Black "Gutenev, Alexander"]
[Result "0-1"]
[WhiteElo "1653"]
[BlackElo "2470"]
[Annotator "TA"]
[PlyCount "64"]
[EventDate "2019.08.05"]
[EventType "swiss"]
[EventCountry "POL"]
[SourceTitle "playchess.com"]
[Source "ChessBase"]
[SourceQuality "1"]

{[%evp 9,64,18,20,14,18,-7,2,0,0,-10,-10,-60,-21,-58,-54,-64,0,0,0,5,31,9,21,17,73,57,60,39,39,44,47,0,0,-46,-47,-99,-90,-91,-77,-147,-143,-480,-353,-350,-237,-530,-413,-394,-397,-364,-260,-223,-32,-104,-104,-649,-692]} 1. c4 b6 2. d4 Nf6 3. Nc3 Bb7 4. Nf3 g6 5. g3 Bg7 6. Bg2 {A50: Queen's Fianchetto Defence (1 d4 Nf6 2 c4 b6)} Ne4 (6... O-O 7. O-O e6 8. d5 exd5 9. cxd5 Re8 10. Bf4 Na6 11. Rc1 Ne4 12. Nxe4 Rxe4 13. d6 c6 14. Qd2 Qf6 15. b3 Rae8 {0-1 (56) Wang,Y (2684)-Mamedyarov,S (2817) chess.com INT 2019}) 7. Qc2 Nxc3 8. bxc3 {The position is equal.} Nc6 9. O-O Na5 10. Qd3 $146 ({Predecessor:} 10. c5 O-O 11. Rb1 d6 12. e4 dxc5 13. dxc5 {1-0 (34) Finegold,S (2093)-Atoufi,P (2261) ICC INT 2015}) 10... d6 11. e4 Qd7 12. Nd2 c5 (12... Ba6 $15) 13. Nb3 $11 Qa4 14. Nxa5 bxa5 15. Re1 cxd4 16. cxd4 Ba6 (16... Rc8 $11 {keeps the balance.}) 17. e5 $16 Bxc4 18. Qe3 d5 19. Ba3 {[%mdl 1024] White has compensation.} Rb8 20. f4 (20. h4 {looks sharper.} Qb5 21. Qc3 Rb7 22. Reb1 Qxb1+ 23. Rxb1 Rxb1+ 24. Kh2) 20... Rb7 21. Rec1 O-O 22. Rc3 (22. g4 $15) 22... Rfb8 $17 23. Rac1 Rb1 24. Bxe7 (24. Bf1 $142) 24... Qxa2 25. Bf6 $2 {[%mdl 8192]} (25. Qe1 $17 {is a better chance.}) 25... Rxc1+ 26. Rxc1 Rb1 {...a4 is the strong threat.} 27. h4 $2 (27. Bxg7 {only move.} Kxg7 28. Rxb1 Qxb1+ 29. Kf2) 27... Qe2 28. Qc3 Rb2 {[%csl Gb2][%cal Re2g2]} 29. Qf3 {and if Qxe2 works, White does fine.} Qxf3 30. Bxf3 {[#]} h6 $2 (30... Bf8 $1 $19 {Hoping for ...a4.} 31. Bd1 Rd2) 31. Be7 {[#]} (31. Ra1 $15) 31... a4 $1 {[%cal Ra4a3] Threatens to win with ...a3!} 32. Ba3 $2 {[%mdl 8192]} (32. Ra1 $17) 32... Rb3 $1 {[%csl LRa3,LRf3][%mdl 64] Double Attack. Accuracy: White = 19%, Black = 48%.} 0-1

[Event "Anderssen Festival 2019"]
[Site "Wroclaw"]
[Date "2019.08.05"]
[Round "1.2"]
[White "Chernyshov, Konstantin"]
[Black "Owoc, Jakub"]
[Result "1-0"]
[WhiteElo "2446"]
[BlackElo "1614"]
[Annotator "TA"]
[PlyCount "99"]
[EventDate "2019.08.05"]
[EventType "swiss"]
[EventCountry "POL"]
[SourceTitle "playchess.com"]
[Source "ChessBase"]
[SourceQuality "1"]

{[%evp 9,98,25,327,335,333,63,327,334,387,392,403,411,473,459,465,464,454,450,458,450,450,448,439,422,454,455,469,473,510,511,556,550,615,561,769,727,718,653,657,656,778,781,767,773,760,752,859,863,873,881,864,863,1402,1370,1964,1896,2078,2007,2272,2194,2233,1926,2356,2237,2556,2398,2408,2264,29986,29987,29989,29990,29991,29992,29993,29994,29994,29994,29994,29993,29993,29994,29994,29995,29996,29997,29997,29998,29998,29999,29999]} 1. d4 Nf6 2. c4 g6 3. Bg5 Bg7 4. Nc3 d6 5. Qd2 e5 $146 {[%mdl 8192]} (5... b6 $11) ({Predecessor:} 5... h6 6. Bf4 Nh5 7. Be3 e5 8. Nf3 Nc6 9. h3 exd4 10. Nxd4 Ne5 11. b3 f5 12. g3 c6 {½-½ (57) Chernyshov,K (2564)-Ilincic,Z (2450) Budapest 2011}) 6. dxe5 $18 {E61: King's Indian: Early deviations for White, including Smyslov System} dxe5 7. Qxd8+ Kxd8 {[#]} 8. Nd5 $1 {White has a decisive advantage.} Nbd7 9. O-O-O h6 10. Bxf6+ $1 Nxf6 11. Nxf6+ Ke7 12. Nd5+ {[%mdl 64] Double Attack} Kf8 13. Nxc7 Rb8 14. Rd8+ Ke7 15. Rxh8 Bxh8 16. e4 f5 17. Bd3 b6 18. Ne2 Rb7 19. Nd5+ Ke6 20. Re1 f4 21. Nec3 a6 22. Be2 Kf7 23. Rd1 Be6 24. Na4 b5 25. Nc5 Ra7 26. cxb5 axb5 27. Kb1 Bg7 28. Bxb5 Bf8 {[#]} 29. Be8+ $1 {[%mdl 64] Deflection} Kxe8 30. Nxe6 Ra4 31. Nxf8 Kxf8 {[%mdl 4096] Endgame KRN-KR} 32. b4 g5 33. Kb2 Kf7 34. Kb3 Ra8 35. b5 h5 36. b6 g4 37. g3 Rb8 38. a4 {[%cal Ba2a4,Ba4a5,Ba5a6,Ba6a7][%mdl 32]} Kg6 39. a5 {White mates.} Kg5 40. a6 h4 41. a7 Rh8 42. b7 hxg3 43. hxg3 fxg3 44. fxg3 Rh3 45. Rg1 Rh7 46. b8=Q Rb7+ 47. Qxb7 Kh5 48. Qh7+ Kg5 49. Qg7+ {[%mdl 64] Double Attack} Kh5 50. Rh1# 1-0

[Event "Anderssen Festival 2019"]
[Site "Wroclaw"]
[Date "2019.08.05"]
[Round "1.3"]
[White "Pokusinski, Antoni"]
[Black "Butkiewicz, Lukasz"]
[Result "0-1"]
[WhiteElo "1671"]
[BlackElo "2425"]
[Annotator "TA"]
[PlyCount "54"]
[EventDate "2019.08.05"]
[EventType "swiss"]
[EventCountry "POL"]
[SourceTitle "playchess.com"]
[Source "ChessBase"]
[SourceQuality "1"]

{[%evp 28,54,34,0,52,33,49,0,0,0,4,0,8,-6,-7,-17,-20,-36,0,-44,-33,-29,-42,-97,-104,-265,-180,-416,-384]} 1. d4 Nf6 2. c4 e6 3. Nf3 c5 4. d5 exd5 5. cxd5 d6 6. Nc3 g6 7. e4 a6 8. a4 Bg4 9. Be2 Bxf3 10. Bxf3 Bg7 11. O-O O-O 12. Bf4 Qe7 13. Re1 Nbd7 14. a5 Rab8 15. Na4 Ne8 {A75: Modern Benoni: Classical: 9...a6 10 a4 Bg4} (15... Ne5 $11) 16. Rc1 $146 ({Predecessor:} 16. Bg4 Ne5 17. Be2 Nf6 18. Bf1 Rfe8 19. Bd2 Ned7 20. Bc3 h5 21. f3 h4 22. Qd2 Nh5 23. Bxg7 Kxg7 {½-½ (40) Nikcevic,N (2473)-Hracek,Z (2602) Herceg Novi 2001}) 16... Qd8 17. Qd2 (17. Bd2 {keeps more tension.} Nc7 18. b4 cxb4 19. Bxb4 Nb5 20. Bg4) 17... b5 {The position is equal.} 18. axb6 $1 Nxb6 19. Nxc5 dxc5 20. Bxb8 Qxb8 21. Rxc5 Nd7 22. Ra5 Ne5 {[%mdl 1024] [#] ...Nc4 is the strong threat. Black has compensation.} 23. Be2 Nd6 {White must now prevent ...Nec4.} 24. Ra4 ({Don't go for} 24. Bxa6 $2 Nec4 $19) 24... Nd7 25. f3 (25. Bf1 $15) 25... Nc5 $17 26. Rb4 $2 {[#]} (26. Ra3 $17) 26... Qc7 27. Ra1 $2 (27. Qe3 a5 28. Rd4) 27... a5 {Accuracy: White =  5%, Black = 65%.} 0-1

[Event "Anderssen Festival 2019"]
[Site "Wroclaw"]
[Date "2019.08.05"]
[Round "1.4"]
[White "Lalic, Bogdan"]
[Black "Passin, Connor"]
[Result "1-0"]
[WhiteElo "2411"]
[BlackElo "1639"]
[Annotator "RC"]
[PlyCount "55"]
[EventDate "2019.08.05"]
[EventType "swiss"]
[EventCountry "POL"]
[TimeControl "40/5400+30:900+30"]

1. c4 {[%emt 0:00:00]} c5 {[%emt 0:00:00]} 2. Nf3 {[%emt 0:00:00]} Nc6 {[%emt 0:00:04]} 3. Nc3 {[%emt 0:00:00]} Nf6 {[%emt 0:00:23]} 4. g3 {[%emt 0:00:00]} g6 {[%emt 0:00:57]} 5. d4 {[%emt 0:00:06]} cxd4 {[%emt 0:01:15]} 6. Nxd4 {[%emt 0:00:05]} Bg7 {[%emt 0:01:21]} 7. Bg2 {[%emt 0:00:06]} O-O {[%emt 0:01:16]} 8. O-O {[%emt 0:00:07]} a6 {[%emt 0:01:41]} 9. c5 {[%emt 0:00:57]} Qc7 {[%emt 0:02:14]} 10. Nb3 {[%emt 0:01:26]} Re8 {[%emt 0:04:40]} 11. Bf4 {[%emt 0:00:32]} e5 {[%emt 0:03:08]} 12. Bg5 {[%emt 0:00:06]} Re6 {[%emt 0:03:06]} 13. Bh3 {[%emt 0:03:47]} Re8 {[%emt 0:00:53]} 14. Qd2 {[%emt 0:00:50]} b5 {[%emt 0:10:38]} 15. Bxf6 {[%emt 0:01:47]} Bxf6 {[%emt 0:00:23]} 16. Nd5 {[%emt 0:00:06]} Qd8 {[%emt 0:00:28]} 17. Rfd1 {[%emt 0:00:18]} Bg5 {[%emt 0:07:08]} 18. e3 {[%emt 0:00:06]} f5 {[%emt 0:07:21]} 19. Nb6 {[%emt 0:00:44]} Ra7 {[%emt 0:00:04]} 20. Bg2 {[%emt 0:05:10]} Qf6 {[%emt 0:06:15]} 21. a4 {[%emt 0:04:57]} bxa4 {[%emt 0:03:26]} 22. Rxa4 {[%emt 0:00:11]} Kh8 {[%emt 0:03:50]} 23. Na5 {[%emt 0:05:25]} e4 {[%emt 0:02:44]} 24. Nac4 {[%emt 0:00:49]} Rd8 {[%emt 0:06:07]} 25. Nd6 {[%emt 0:02:03]} Bb7 {[%emt 0:02:26]} 26. b4 {[%emt 0:00:38]} Ne5 {[%emt 0:02:37]} 27. Qd4 {[%emt 0:00:44]} h5 {[%emt 0:03:48]} 28. Qxe5 {[%emt 0:01:34]} 1-0

[Event "Anderssen Festival 2019"]
[Site "Wroclaw"]
[Date "2019.08.05"]
[Round "1.5"]
[White "Klonowski, Arkadiusz"]
[Black "Lugovskoy, Maxim"]
[Result "0-1"]
[WhiteElo "1628"]
[BlackElo "2425"]
[Annotator "TA"]
[PlyCount "60"]
[EventDate "2019.08.05"]
[EventType "swiss"]
[EventCountry "POL"]
[SourceTitle "playchess.com"]
[Source "ChessBase"]
[SourceQuality "1"]

{[%evp 16,74,14,-6,0,-46,-33,-42,-31,-42,-27,-54,-41,-80,-58,-59,-18,-37,-22,-165,-177,-157,-137,-135,0,0,0,0,36,-303,-295,-307,-316,-320,-320,-310,-338,-327,-331,-535,-519,-518,-514,-553,-533,-534,-479,-479,-479,-479,-479,-479,-479,-479,-479,-796,-796,-789,-649,-1045,-981]} 1. Nf3 d5 2. c4 e6 3. g3 d4 4. Bg2 c5 5. O-O Nc6 6. e3 Nf6 7. exd4 cxd4 8. d3 Bd6 9. b3 O-O {A13: English Opening: 1...e6} 10. Na3 (10. Re1 Re8 11. a3 a5 12. Qc2 e5 13. Bg5 h6 14. Bxf6 Qxf6 15. Nbd2 Bf8 16. c5 Qe7 17. Rac1 {½-½ (57) Sargissian,G (2691)-Mastrovasilis,D (2594) Batumi 2018}) 10... e5 11. Nc2 Re8 {Black is slightly better.} 12. a3 a5 13. Rb1 Bg4 14. b4 $146 ({Predecessor:} 14. h3 Bh5 15. g4 Bg6 16. Nh4 Ne4 17. dxe4 Qxh4 {0-1 (35) Injac,T (2325)-Nakhbayeva,G (2371) St Petersburg 2018}) 14... axb4 15. axb4 e4 16. dxe4 Nxe4 {Threatens to win with ...Nc3.} ({But not} 16... Rxe4 17. Bb2 $14) 17. Qd3 (17. Bb2 $11) 17... Nc3 $36 {[%mdl 2048] aiming for ...Bxf3. Black is really pushing.} 18. Rb3 Ne5 19. Nxe5 Be2 ({Black should try} 19... Bxe5 $17 20. Re1 Bf6) 20. Nxf7 $11 Bxd3 21. Nxd8 Bxc2 22. Rxc3 $4 {[%mdl 8192]} (22. Nxb7 $14 Be5 23. Nc5) 22... dxc3 $19 23. Bd5+ Kf8 24. Ne6+ {[#]} Rxe6 $1 {[%mdl 512]} 25. Bxe6 {intending c5.} Bd3 (25... Bxb4 $2 26. Bf4 $17) 26. Re1 {White wants to play c5.} Bxb4 {And now ...c2 would win.} 27. Bg5 $2 (27. Bf4 c2 28. Rc1) 27... c2 {Black is clearly winning.} 28. Rc1 h6 29. Be3 {If only White now had time for c5....} Re8 30. Bd5 {[#]} Ba3 {Played: Re8xe3} 0-1

[Event "Anderssen Festival 2019"]
[Site "Wroclaw"]
[Date "2019.08.05"]
[Round "1.6"]
[White "Eggink, Ryszard"]
[Black "Mrozinski, Mateusz"]
[Result "1/2-1/2"]
[WhiteElo "2377"]
[BlackElo "1620"]
[Annotator "TA"]
[PlyCount "62"]
[EventDate "2019.08.05"]
[EventType "swiss"]
[EventCountry "POL"]
[SourceTitle "playchess.com"]
[Source "ChessBase"]
[SourceQuality "1"]

{[%evp 9,62,-16,4,-43,-33,-34,-37,-48,-37,-38,-44,-45,-23,-25,-33,-57,-52,-57,-63,-46,-25,-19,10,0,153,0,0,-41,-33,-46,-35,-47,-47,-39,-21,-116,-109,-120,-112,-104,-88,-101,0,-79,-71,-70,-63,-64,-75,-104,-65,-160,-164,-137,-55]} 1. c4 e5 2. Nc3 Nf6 3. e4 Nc6 4. d3 d6 (4... Bc5 5. Be2 O-O 6. Nf3 d6 7. h3 a5 8. O-O h6 9. Be3 Re8 10. Qd2 Bd7 11. Bd1 Nh7 12. Nh2 Ng5 {½-½ (37) Pierzak,R (2501)-Szczepanski,Z (2505) ICCF email 2016}) 5. h3 g6 6. g4 {A22: English Opening: 1...e5 2 Nc3 Nf6} Bg7 7. Nge2 h5 $146 ({Predecessor:} 7... Be6 8. Ng3 Nd4 9. Bg2 c6 10. Nce2 Nxe2 11. Qxe2 Qa5+ {1-0 (46) Franke,H (2054)-Beste,H (1585) Halle 2004}) 8. g5 {Black is slightly better.} Nd7 9. Be3 Nc5 10. Qd2 Ne6 11. Bg2 Ncd4 12. O-O-O c6 13. f4 exf4 14. Nxf4 Qa5 15. Kb1 O-O 16. Nce2 Qa6 $2 (16... Qxd2 $11 17. Rxd2 Nxf4 18. Nxf4 a6) 17. Nxd4 $2 (17. Nxh5 $1 $16 gxh5 18. Ng3) 17... Nxd4 $11 18. Qf2 Ne6 $1 19. Nxe6 Bxe6 20. Bd4 Bxd4 21. Qxd4 c5 22. Qf6 (22. Qc3 $1 $11) 22... b5 $17 23. b3 {[#]} Rab8 $1 24. Bf1 Qb6 25. Rh2 Qd8 ({Better is} 25... a5 $17) 26. cxb5 {[#]} (26. Qxd8 $11 {keeps the balance.} Rfxd8 27. Rhd2) 26... Qxf6 $1 27. gxf6 {White wants to play d4.} Rxb5 28. d4 Rb4 29. Rc2 cxd4 30. Rcd2 {[#]} (30. Rc6 $15) 30... d3 $1 {[%mdl 512]} 31. Bg2 (31. Rxd3 Rxe4) 31... Bc4 {Accuracy: White = 28%, Black = 71%.} ({Black should play} 31... a5 $17 32. Kb2 (32. Rxd3 d5 $17) 32... a4 33. Rxd3 axb3) 1/2-1/2

[Event "Anderssen Festival 2019"]
[Site "Wroclaw"]
[Date "2019.08.05"]
[Round "1.7"]
[White "Nowak, Filip"]
[Black "Naumkin, Igor"]
[Result "0-1"]
[WhiteElo "1589"]
[BlackElo "2368"]
[Annotator "TA"]
[PlyCount "42"]
[EventDate "2019.08.05"]
[EventType "swiss"]
[EventCountry "POL"]
[SourceTitle "playchess.com"]
[Source "ChessBase"]
[SourceQuality "1"]

{[%evp 20,76,46,39,60,-101,-91,-149,-155,-230,-201,-191,-193,-187,-198,-179,-142,-235,-212,-229,-222,-225,-222,-187,-130,-125,-126,-120,-123,-133,-120,-135,-99,-107,-112,-115,-117,-116,-66,-150,-160,-162,-96,-129,-47,-36,-39,-67,-72,-249,-147,-502,-491,-477,-450,-1224,-1197,-1119,-1170]} 1. e4 e5 2. Nf3 Nc6 3. Bb5 a6 4. Ba4 Nf6 5. O-O Nxe4 6. d4 b5 7. Bb3 d5 8. dxe5 Be6 9. Be3 Be7 10. c3 Nc5 11. Bc2 Bg4 {C83: Open Ruy Lopez: 9 c3 Be7} (11... Nd7 12. Bf4 g5 13. Be3 Ndxe5 14. Nxe5 Nxe5 15. Bd4 Bf6 16. a4 b4 17. cxb4 Nc6 18. Bc5 Be7 19. Re1 Rb8 {0-1 (36) Motylev,A (2658)-Khairullin,I (2662) Chita 2015}) 12. Bd4 $2 (12. Nbd2 $14 {stays ahead.}) 12... Ne6 $17 13. Qd3 $146 ({Better is} 13. Nbd2) ({Predecessor:} 13. Kh1 Ncxd4 14. cxd4 Ng5 15. Qd3 Bh5 16. Nxg5 Bg6 17. Nxf7 Bxd3 18. Nxd8 Bxf1 19. Ne6 {½-½ (63) Melnichuk,S-Zhukov,S Kiev 2003}) 13... Bxf3 $1 {Black is clearly better.} 14. gxf3 (14. Qxf3 $17 Nexd4 15. cxd4 Nxd4 {[%mdl 64] Double Attack} 16. Qd3 Nxc2 17. Qxc2) 14... Ncxd4 15. cxd4 Nf4 16. Qd2 Bg5 17. Kh1 Ne6 18. Qd3 (18. Qd1 $17) 18... Bf4 $1 $19 {( -> ...Qh4!)} 19. Rg1 {[#]} Bxh2 $1 {[%mdl 512]} 20. Rg4 (20. Kxh2 Qh4+) 20... h5 21. Rg2 Bf4 {Played: Ne6-f4} 0-1

[Event "Anderssen Festival 2019"]
[Site "Wroclaw"]
[Date "2019.08.05"]
[Round "1.8"]
[White "Skliarov, Viktor"]
[Black "Plichta, Krzysztof"]
[Result "1-0"]
[WhiteElo "2360"]
[BlackElo "1582"]
[Annotator "TA"]
[PlyCount "47"]
[EventDate "2019.08.05"]
[EventType "swiss"]
[EventCountry "POL"]
[SourceTitle "playchess.com"]
[Source "ChessBase"]
[SourceQuality "1"]

{[%evp 13,47,59,57,59,101,93,100,74,105,69,79,69,63,81,87,75,85,78,64,73,450,466,466,460,487,485,476,381,347,340,460,463,462,464,460,449]} 1. e4 c6 2. d4 d5 3. e5 Bf5 4. Nf3 e6 5. Be2 c5 6. O-O Nd7 7. c4 dxc4 8. Na3 {B12: Caro-Kann: Advance Variation} Ne7 9. Nxc4 {[%cal Rc4d6]} Nc6 10. Bg5 {White is better.} Qc7 11. d5 exd5 $1 12. Qxd5 {aiming for Nd6+.} Be6 13. Qe4 h6 {[#]} 14. Bh4 $146 ({Predecessor:} 14. Bf4 O-O-O 15. Rfd1 Be7 {1-0 (30) Navara,D (2736)-Caletka,R (2285) Prague 2018}) 14... g5 15. Bg3 $36 {[%mdl 2048] Black is under strong pressure.} O-O-O 16. Rfd1 Bg7 $2 {[%mdl 8192] [#]} (16... Kb8 $16) 17. Nd6+ $1 $18 Kb8 {[#]} 18. Nxf7 $1 {[%mdl 576] Decoy} Bxf7 19. e6 {[%mdl 64] Double Attack} Nde5 20. exf7 Ka8 21. Bb5 Qxf7 22. Nxe5 {White is clearly winning.} ({Weaker is} 22. Bxe5 Nxe5 23. Nxe5 Qe6 $18) 22... Nxe5 23. Bxe5 Qe6 24. Re1 {Accuracy: White = 91%, Black = 34%.} 1-0

[Event "Anderssen Festival 2019"]
[Site "Wroclaw"]
[Date "2019.08.05"]
[Round "1.9"]
[White "Demski, Michal"]
[Black "Dubinski, Mateusz"]
[Result "0-1"]
[WhiteElo "1608"]
[BlackElo "2306"]
[Annotator "TA"]
[PlyCount "56"]
[EventDate "2019.08.05"]
[EventType "swiss"]
[EventCountry "POL"]
[SourceTitle "playchess.com"]
[Source "ChessBase"]
[SourceQuality "1"]

{[%evp 9,56,41,51,32,38,11,23,22,25,17,30,24,41,39,113,5,38,0,8,-41,-13,-13,-16,-60,-37,-91,-93,-97,-103,-106,-94,-119,-70,-145,-150,-137,-105,-347,-323,-550,-521,-29989,-29990,-29990,-29991,-29991,-29992,-29992,-29993]} 1. e4 g6 2. d4 Bg7 3. Nc3 a6 4. g3 (4. f4 b5 5. Nf3 d6 6. Bd3 Nd7 7. e5 c5 8. Be4 Rb8 9. Be3 b4 10. Ne2 Nh6 11. dxc5 Nxc5 12. Bxc5 dxc5 13. Bc6+ Bd7 14. Qd5 Rc8 15. Bxd7+ Qxd7 16. Qxd7+ Kxd7 {1-0 (41) Yu,Y (2760)-Adhiban,B (2655) chess.com INT 2018}) 4... b5 5. Bg2 Bb7 6. a3 {B06: Modern Defence} d6 7. Be3 Nd7 8. Nge2 {White has an edge.} e5 9. Qd2 exd4 $146 ({Predecessor:} 9... Ne7 10. O-O O-O 11. Bh6 f5 12. Bxg7 Kxg7 13. f4 Qe8 14. dxe5 dxe5 15. fxe5 Nxe5 16. exf5 Bxg2 {0-1 (55) Farre Selma,D (1929)-Ventos,L (2030) Tarragona 2017}) 10. Bxd4 Ne5 11. b3 h5 ({Black should try} 11... Nf6 $14) 12. h4 (12. f4 $16) 12... c5 13. Bxe5 dxe5 14. Qe3 Qe7 15. Rd1 Nf6 16. f3 Bh6 $36 {[%mdl 2048] Black is pushing.} 17. Qf2 ({Better is} 17. Qd3 $15) 17... O-O $17 18. O-O Rfd8 19. Bh3 Bc6 20. Nc1 Rd4 21. N1e2 (21. N3e2 $1 $15) 21... Rad8 22. Nxd4 cxd4 23. Rfe1 $2 {[#]} (23. Qe1 $17 {might work better.}) 23... dxc3 $19 24. Qb6 $2 (24. Rxd8+ {is a better defense.} Qxd8 25. Bf1) 24... Rd2 25. Qxc6 Qa7+ {Black mates.} 26. Kh1 {[#]} Qf2 $1 {[%csl Gd2][%cal Rf2h2][%mdl 576] Double Attack} 27. Rxd2 Qxe1+ 28. Kh2 cxd2 {Accuracy: White = 22%, Black = 58%.} 0-1

[Event "Anderssen Festival 2019"]
[Site "Wroclaw"]
[Date "2019.08.05"]
[Round "1.10"]
[White "Piotrowski, Przemyslaw"]
[Black "Jaworski, Tymon"]
[Result "1-0"]
[WhiteElo "2273"]
[BlackElo "1598"]
[Annotator "ChessBase"]
[PlyCount "87"]
[EventDate "2019.08.05"]
[EventType "swiss"]
[EventCountry "POL"]
[SourceTitle "playchess.com"]
[Source "ChessBase"]
[SourceQuality "1"]
[TimeControl "40/5400+30:900+30"]

1. d4 Nf6 2. Nf3 g6 3. g3 Bg7 4. Bg2 d6 5. O-O Nbd7 6. c4 O-O 7. Nc3 e5 8. e4 c6 9. h3 Ne8 10. b3 Nc7 11. Be3 Qe7 12. Qd2 Ne6 13. d5 Nc7 14. dxc6 bxc6 15. Rfd1 Ne8 16. b4 f5 17. b5 Ndf6 18. bxc6 Ba6 19. Nd5 Qd8 20. Ng5 Bc8 21. exf5 Bxf5 22. g4 Bc8 23. c7 Nxc7 24. Nxc7 Rb8 25. Nce6 Bxe6 26. Nxe6 Qd7 27. Nxf8 Rxf8 28. Qxd6 Qxd6 29. Rxd6 Rc8 30. c5 Kf7 31. Rb1 Rc7 32. c6 Bf8 33. Rdd1 e4 34. Rb7 Rxb7 35. cxb7 Be7 36. b8=Q h5 37. g5 Nh7 38. Bxe4 Nxg5 39. Bxg5 Bxg5 40. Rd7+ Be7 41. Qe5 g5 42. Qxe7+ Kg8 43. Qf6 g4 44. Bd5# 1-0

[Event "Anderssen Festival 2019"]
[Site "Wroclaw"]
[Date "2019.08.05"]
[Round "1.11"]
[White "Lesniak, Szymon"]
[Black "Nowak, Mikolaj"]
[Result "0-1"]
[WhiteElo "1534"]
[BlackElo "2230"]
[Annotator "ChessBase"]
[PlyCount "64"]
[EventDate "2019.08.05"]
[EventType "swiss"]
[EventCountry "POL"]
[SourceTitle "playchess.com"]
[Source "ChessBase"]
[SourceQuality "1"]
[TimeControl "40/5400+30:900+30"]

1. c4 {[%emt 0:00:00]} e5 {[%emt 0:00:00]} 2. g3 {[%emt 0:00:00]} Nc6 {[%emt 0:01:01]} 3. Bg2 {[%emt 0:00:33]} f5 {[%emt 0:00:09]} 4. Nc3 {[%emt 0:00:53]} Nf6 {[%emt 0:00:10]} 5. e3 {[%emt 0:01:37]} g6 {[%emt 0:00:32]} 6. d4 {[%emt 0:01:18]} d6 {[%emt 0:02:49]} 7. b4 {[%emt 0:02:39]} e4 {[%emt 0:16:26]} 8. f3 {[%emt 0:08:45]} d5 {[%emt 0:11:22]} 9. a3 {[%emt 0:12:29]} a5 {[%emt 0:12:21]} 10. b5 {[%emt 0:05:16]} Ne7 {[%emt 0:00:18]} 11. Nge2 {[%emt 0:09:13]} c6 {[%emt 0:03:02]} 12. O-O {[%emt 0:04:33]} Bh6 {[%emt 0:05:26]} 13. bxc6 {[%emt 0:07:51]} bxc6 {[%emt 0:00:11]} 14. Rb1 {[%emt 0:01:50]} O-O {[%emt 0:03:59]} 15. c5 {[%emt 0:07:00]} Ba6 {[%emt 0:01:03]} 16. f4 {[%emt 0:07:16]} Qc7 {[%emt 0:00:26]} 17. Re1 {[%emt 0:05:45]} g5 {[%emt 0:02:01]} 18. Bf1 {[%emt 0:02:27]} Kh8 {[%emt 0:04:16]} 19. Bd2 {[%emt 0:01:44]} Rg8 {[%emt 0:00:56]} 20. fxg5 {[%emt 0:04:55]} Bxg5 {[%emt 0:00:18]} 21. Nf4 {[%emt 0:00:49]} Bxf4 {[%emt 0:00:47]} 22. exf4 {[%emt 0:00:17]} Ng6 {[%emt 0:01:23]} 23. Rb6 {[%emt 0:02:24]} Bxf1 {[%emt 0:01:21]} 24. Rxf1 {[%emt 0:01:08]} Nh4 {[%emt 0:02:10]} 25. Nb5 cxb5 {[%emt 0:02:06]} 26. Rxf6 {[%emt 0:04:43]} Qg7 {[%emt 0:00:51]} 27. Rd6 {[%emt 0:00:29]} Qxd4+ {[%emt 0:01:32]} 28. Kh1 {[%emt 0:00:14]} e3 {[%emt 0:03:25]} 29. gxh4 {[%emt 0:03:10]} Qe4+ {[%emt 0:03:17]} 30. Qf3 {[%emt 0:01:23]} Qxf3+ {[%emt 0:01:33]} 31. Rxf3 {[%emt 0:00:01]} exd2 {[%emt 0:00:01]} 32. Rd3 {[%emt 0:00:41]} Rae8 {[%emt 0:00:12]} 0-1

[Event "Anderssen Festival 2019"]
[Site "Wroclaw"]
[Date "2019.08.05"]
[Round "1.12"]
[White "Snihur, Piotr"]
[Black "Puchala, Stanislaw"]
[Result "1-0"]
[WhiteElo "2256"]
[BlackElo "1530"]
[Annotator "ChessBase"]
[PlyCount "41"]
[EventDate "2019.08.05"]
[EventType "swiss"]
[EventCountry "POL"]
[SourceTitle "playchess.com"]
[Source "ChessBase"]
[SourceQuality "1"]
[TimeControl "40/5400+30:900+30"]

1. d4 {[%emt 0:00:00]} Nf6 {[%emt 0:00:00]} 2. c4 {[%emt 0:00:00]} e6 {[%emt 0:00:03]} 3. Nc3 {[%emt 0:00:15]} Bb4 {[%emt 0:00:53]} 4. Qc2 {[%emt 0:00:23]} d5 {[%emt 0:01:15]} 5. cxd5 {[%emt 0:00:51]} Nxd5 {[%emt 0:02:01]} 6. Nf3 {[%emt 0:02:59]} c5 {[%emt 0:07:29]} 7. e4 {[%emt 0:02:40]} Nf6 {[%emt 0:03:55]} 8. a3 {[%emt 0:07:25]} cxd4 {[%emt 0:05:30]} 9. axb4 {[%emt 0:00:26]} dxc3 {[%emt 0:00:20]} 10. bxc3 {[%emt 0:00:16]} Qc7 {[%emt 0:05:03]} 11. Bd3 {[%emt 0:05:53]} Nc6 {[%emt 0:00:39]} 12. O-O {[%emt 0:02:47]} O-O {[%emt 0:05:49]} 13. b5 {[%emt 0:04:44]} Ne5 {[%emt 0:03:44]} 14. Nxe5 {[%emt 0:00:51]} Qxe5 {[%emt 0:00:09]} 15. f4 {[%emt 0:00:25]} Qh5 {[%emt 0:02:13]} 16. e5 {[%emt 0:01:53]} Nd5 {[%emt 0:03:52]} 17. Rf3 {[%emt 0:01:13]} Qh4 {[%emt 0:10:00]} 18. Ba3 {[%emt 0:06:08]} Nxf4 {[%emt 0:12:54]} 19. Bxf8 {[%emt 0:01:50]} Nxd3 {[%emt 0:01:32]} 20. Qxd3 {[%emt 0:00:30]} Kxf8 {[%emt 0:03:28]} 21. Raf1 {[%emt 0:00:54]} 1-0